| 000 | 01187nam0a22002531 4500 | ||
|---|---|---|---|
| 001 | rc\955400 | ||
| 005 | 20260407114250.0 | ||
| 035 | _a(NLR Aleph) 006126293 | ||
| 090 |
_a5514036 _c5514036 |
||
| 100 | _a20041129d1982 |||y0rusy50 ca | ||
| 101 | 0 | _arus | |
| 102 | _aRU | ||
| 105 | _aa ||||||||| | ||
| 200 | 1 |
_aПриродные и экономические предпосылки развития и размещения производительных сил экономического района _e[сб. статей] _fНИИ экономики и экон.-мат. методов планирования при Госплане БССР _g[науч. ред. В. Я. Гоев, к. э. н. и др.] |
|
| 210 |
_aМинск _cНИИЭМП _d1982 |
||
| 215 |
_a146 с. _cсхем. _d20 |
||
| 702 | 1 |
_aГоев _bВ.Я. _gВладимир Яковлевич _4340 |
|
| 712 | 0 | 2 |
_4570 _aНИИ экономики и экономико-математических методов планирования _cМинск _3RU\NLR\AUTH\889946957 _9389531 |
| 801 | 0 |
_aRU _bNLR _gpsbo |
|
| 801 | 1 |
_aRU _bELAR _2rusmarc |
|
| 852 |
_aNLR _j83-3/4839 |
||
| 942 | _cBOOK | ||
| 980 | _aNB | ||